[Event "18 Torneo San Viator"]
[Site "Madrid ESP"]
[Date "2012.04.15"]
[Round "3.24"]
[White "Garcia Velayos, Carlos E"]
[Black "Vazquez Cabeza, Isaac"]
[Result "1-0"]
[WhiteElo "1772"]
[BlackElo "1471"]
[PlyCount "67"]
[EventDate "2012.03.25"]
[EventType "swiss"]
[EventRounds "9"]
[EventCountry "ESP"]
[Source "lmi"]
[SourceDate "2012.03.25"]

1. Nf3 Nc6 2. g3 e5 3. d3 d5 4. Bg2 Nf6 5. O-O Bf5 6. Nbd2 Bc5 7. c4 dxc4 8.
Nxc4 O-O 9. Nfxe5 Nxe5 10. Nxe5 Re8 11. Nf3 Qe7 12. e3 Rad8 13. d4 Bb6 14. Qb3
Qe6 15. Qxe6 Bxe6 16. b3 Bd7 17. Bb2 Bb5 18. Rfc1 Nd5 19. a3 c6 20. Ne5 f6 21.
Nc4 Ba6 22. Bf1 Bxc4 23. bxc4 Ne7 24. Bd3 Ng6 25. Rab1 c5 26. d5 Ne5 27. Bxe5
Rxe5 28. Rc2 Re7 29. Re2 Bc7 30. Rxb7 Rb8 31. Rxb8+ Bxb8 32. f4 Rb7 33. Bc2 Rb2
34. Bxh7+ 1-0

[Event "18 Torneo San Viator"]
[Site "Madrid ESP"]
[Date "2012.04.15"]
[Round "3.25"]
[White "Moreno Zamora, Gregorio"]
[Black "Perez Mondejar, Adler"]
[Result "1-0"]
[WhiteElo "1760"]
[BlackElo "1423"]
[PlyCount "69"]
[EventDate "2012.03.25"]
[EventType "swiss"]
[EventRounds "9"]
[EventCountry "ESP"]
[Source "lmi"]
[SourceDate "2012.03.25"]

1. d4 Nf6 2. c4 g6 3. Nc3 d5 4. Bf4 Bg7 5. e3 O-O 6. Rc1 dxc4 7. Bxc4 e6 8. Nf3
b6 9. O-O Bb7 10. Nb5 Na6 11. Qe2 Bxf3 12. Qxf3 Rc8 13. Nxa7 Ra8 14. Nc6 Qd7
15. Ne5 Qe7 16. Bg5 h6 17. Bxf6 Bxf6 18. Nc6 Qd6 19. Qxf6 Qxc6 20. Bxa6 Qd7 21.
Bd3 Rxa2 22. Bxg6 fxg6 23. Qxg6+ Qg7 24. Qxe6+ Qf7 25. Qxf7+ Rxf7 26. Rc2 Rf5
27. f3 Rb5 28. Rff2 Ra1+ 29. Rf1 Ra2 30. Rb1 Kf8 31. e4 Ke8 32. d5 Kd7 33. Kf2
Kd6 34. Kg3 Ke5 35. Kh4 1-0

[Event "18 Torneo San Viator"]
[Site "Madrid ESP"]
[Date "2012.04.15"]
[Round "3.26"]
[White "Jimenez Sanchez, Juan Daniel"]
[Black "Cazorla Munoz, Francisco"]
[Result "0-1"]
[WhiteElo "1420"]
[BlackElo "1755"]
[PlyCount "114"]
[EventDate "2012.03.25"]
[EventType "swiss"]
[EventRounds "9"]
[EventCountry "ESP"]
[Source "lmi"]
[SourceDate "2012.03.25"]

1. d4 Nf6 2. c4 e6 3. Nc3 Bb4 4. Qc2 d5 5. e3 Ne4 6. Bd3 f5 7. a3 Be7 8. Nf3
Nd7 9. cxd5 Ndf6 10. Bb5+ Bd7 11. dxe6 Bxb5 12. Nxb5 c6 13. Nc3 Nxc3 14. bxc3
Qd5 15. Nh4 g6 16. O-O Qxe6 17. Re1 Ne4 18. Nf3 O-O 19. Rb1 b5 20. Ne5 Bf6 21.
Qb3 Qxb3 22. Rxb3 Bxe5 23. dxe5 a5 24. a4 bxa4 25. Ra3 Rfd8 26. f3 Nc5 27. Ra1
Rab8 28. Ba3 Nb3 29. Rad1 Nd2 30. Bd6 Rb2 31. Ra1 Nc4 32. Rxa4 Nxd6 33. exd6
Rxd6 34. Rd4 Re6 35. h3 Rc2 36. Rd3 c5 37. Rd8+ Kg7 38. Rd7+ Kf6 39. e4 h5 40.
e5+ Kg5 41. Rd6 Rxd6 42. h4+ Kxh4 43. exd6 Rd2 44. Re6 Kg5 45. Kf1 c4 46. Ke1
Rd3 47. Ke2 f4 48. Kf2 Kf5 49. Re1 Rxd6 50. Re4 Rd2+ 51. Kg1 a4 52. Rxc4 a3 53.
Rc5+ Ke6 54. Rc6+ Kd5 55. Ra6 a2 56. Ra4 Rd1+ 57. Kf2 a1=Q 0-1

[Event "18 Torneo San Viator"]
[Site "Madrid ESP"]
[Date "2012.04.15"]
[Round "3.27"]
[White "Rodriguez Varela, Alvaro"]
[Black "Jimenez Perez, Federico"]
[Result "1-0"]
[WhiteElo "1751"]
[BlackElo "1282"]
[PlyCount "73"]
[EventDate "2012.03.25"]
[EventType "swiss"]
[EventRounds "9"]
[EventCountry "ESP"]
[Source "lmi"]
[SourceDate "2012.03.25"]

1. e4 c5 2. Nf3 d6 3. Bb5+ Bd7 4. Bxd7+ Qxd7 5. d4 cxd4 6. Nxd4 e5 7. Nf5 Nc6
8. Nc3 g6 9. Ne3 Nf6 10. Ned5 Be7 11. Bh6 Rg8 12. Nxe7 Qxe7 13. Bg5 Qe6 14.
Bxf6 Qxf6 15. Nb5 O-O-O 16. O-O a6 17. Nc3 Ne7 18. Qd3 Qe6 19. Rfd1 f5 20. b4
fxe4 21. Nxe4 d5 22. Nc5 Qb6 23. Qh3+ Nf5 24. Qc3 d4 25. Qc4 Kb8 26. a4 Nd6 27.
Qe6 Qc7 28. Qxe5 Rge8 29. Qxd4 Ne4 30. Qc4 Rxd1+ 31. Rxd1 Nxc5 32. bxc5 Rd8 33.
Rxd8+ Qxd8 34. Qd3 Qxd3 35. cxd3 b5 36. cxb6 Kb7 37. a5 1-0

[Event "18 Torneo San Viator"]
[Site "Madrid ESP"]
[Date "2012.04.15"]
[Round "3.28"]
[White "Gutierrez Mordini, Pablo"]
[Black "Garcia Otero, Pedro"]
[Result "0-1"]
[WhiteElo "1735"]
[BlackElo "1701"]
[PlyCount "58"]
[EventDate "2012.03.25"]
[EventType "swiss"]
[EventRounds "9"]
[EventCountry "ESP"]
[Source "lmi"]
[SourceDate "2012.03.25"]

1. d4 Nf6 2. c4 c5 3. d5 b5 4. cxb5 a6 5. bxa6 Bxa6 6. g3 g6 7. Bg2 d6 8. Nc3
Bg7 9. Nf3 Nbd7 10. O-O O-O 11. Re1 Qc7 12. e4 Ng4 13. Qc2 Nge5 14. Nxe5 Nxe5
15. f4 Nd3 16. Be3 Nxe1 17. Rxe1 Bd4 18. h3 Qa5 19. Kh2 Bc4 20. Ra1 Bxe3 21.
Nd1 Qe1 22. Nxe3 Qxa1 23. Nxc4 Rxa2 24. e5 Rb8 25. exd6 exd6 26. h4 Rbxb2 27.
Nxb2 Qxb2 28. Qe4 c4 29. h5 Qxg2+ 0-1

[Event "18 Torneo San Viator"]
[Site "Madrid ESP"]
[Date "2012.04.15"]
[Round "3.29"]
[White "Carballido Mateo, Ignacio"]
[Black "Franco Rincon, David"]
[Result "1-0"]
[WhiteElo "1395"]
[BlackElo "1696"]
[PlyCount "77"]
[EventDate "2012.03.25"]
[EventType "swiss"]
[EventRounds "9"]
[EventCountry "ESP"]
[Source "lmi"]
[SourceDate "2012.03.25"]

1. b3 e5 2. Bb2 Nc6 3. e3 Bc5 4. Bb5 Qe7 5. Bxc6 bxc6 6. Nf3 d6 7. O-O Be6 8.
d4 Bb6 9. dxe5 f6 10. exd6 cxd6 11. c4 Bg4 12. h3 Bh5 13. Nbd2 Rd8 14. a3 d5
15. cxd5 Rxd5 16. g4 Bg6 17. Rc1 Qd7 18. Re1 Be4 19. Nd4 c5 20. Nxe4 cxd4 21.
exd4 Kf7 22. Nc5 Bxc5 23. Rxc5 Ne7 24. b4 Rd8 25. Qc2 Rc8 26. Rxe7+ Kxe7 27.
Rxc8 Qe6 28. Rc7+ Kf8 29. Qxh7 Rd7 30. Rc8+ Ke7 31. Qxg7+ Kd6 32. Qf8+ Re7 33.
Rd8+ Kc7 34. d5 Qe1+ 35. Kg2 Qe4+ 36. Kg3 Qd3+ 37. Kh2 Rh7 38. Qd6+ Kb7 39.
Rb8# 1-0

[Event "18 Torneo San Viator"]
[Site "Madrid ESP"]
[Date "2012.04.15"]
[Round "3.30"]
[White "Bermejo Jimenez, Adolfo"]
[Black "Sierra Bermejo, Gregorio"]
[Result "0-1"]
[WhiteElo "1812"]
[BlackElo "1677"]
[PlyCount "94"]
[EventDate "2012.03.25"]
[EventType "swiss"]
[EventRounds "9"]
[EventCountry "ESP"]
[Source "lmi"]
[SourceDate "2012.03.25"]

1. e4 c5 2. Bc4 Nc6 3. Nf3 e6 4. O-O Nge7 5. c3 d5 6. exd5 Nxd5 7. d4 Nb6 8.
Bb5 Bd7 9. Be3 cxd4 10. Bxd4 a6 11. Bd3 Nxd4 12. Nxd4 g6 13. Nd2 Bg7 14. N2f3
O-O 15. Be4 Qc7 16. Qb3 e5 17. Ne2 Be6 18. Qc2 Rad8 19. b3 f5 20. Ng5 Bc8 21.
Bd3 e4 22. Bc4+ Nxc4 23. bxc4 h6 24. Nh3 Be5 25. g3 Qxc4 26. Qb3 Qxb3 27. axb3
g5 28. f4 exf3 29. Nd4 Bxd4+ 30. cxd4 Rxd4 31. Nf2 g4 32. Rfd1 Rfd8 33. Rac1
Rxd1+ 34. Nxd1 Be6 35. b4 Rc8 36. Rc5 Rxc5 37. bxc5 Kf8 38. Nb2 Ke7 39. Nd3 Bd5
40. Nf4 Bc6 41. Ng6+ Kf6 42. Nf4 a5 43. Nd3 a4 44. Kf2 Bb5 45. Nb4 Ke5 46. Ke3
h5 47. Nc2 Kd5 0-1

[Event "18 Torneo San Viator"]
[Site "Madrid ESP"]
[Date "2012.04.15"]
[Round "3.31"]
[White "Andres Rodriguez, Florencio"]
[Black "Gil Calvente, Jose Antonio"]
[Result "1-0"]
[WhiteElo "1583"]
[BlackElo "1677"]
[PlyCount "99"]
[EventDate "2012.03.25"]
[EventType "swiss"]
[EventRounds "9"]
[EventCountry "ESP"]
[Source "lmi"]
[SourceDate "2012.03.25"]

1. d4 Nf6 2. c4 c5 3. d5 e6 4. dxe6 fxe6 5. Bg5 Be7 6. Nc3 O-O 7. Qc2 Nc6 8.
Nf3 Nb4 9. Qb3 a6 10. a3 Nc6 11. e4 h6 12. Bh4 Qa5 13. Nd2 Ng4 14. Bg3 Bf6 15.
h3 Nd4 16. Qd1 Ne5 17. Nb3 Qb6 18. Nxd4 cxd4 19. Na4 Qc6 20. Qc2 b5 21. f4 Nf7
22. e5 Be7 23. Bd3 Bb7 24. cxb5 axb5 25. Qxc6 Bxc6 26. Nb6 Rab8 27. Nxd7 Bxd7
28. O-O Bc6 29. Bf2 g5 30. Rac1 Ba8 31. Rc7 Bd8 32. Rd7 gxf4 33. Bxd4 Bb6 34.
Bxb6 Rxb6 35. Rxf4 Rb7 36. Rxb7 Bxb7 37. Bxb5 Nxe5 38. Rxf8+ Kxf8 39. a4 Ke7
40. Kf2 Bc6 41. Bxc6 Nxc6 42. b3 Kd6 43. Ke3 Kd5 44. g4 e5 45. h4 e4 46. g5
hxg5 47. hxg5 Ne5 48. a5 Ng4+ 49. Ke2 Kd4 50. a6 1-0

[Event "18 Torneo San Viator"]
[Site "Madrid ESP"]
[Date "2012.04.15"]
[Round "3.32"]
[White "Algaba Traspuesto, Jose Antonio"]
[Black "Balsinde Montemayor, Lucas"]
[Result "1-0"]
[WhiteElo "1674"]
[BlackElo "1356"]
[PlyCount "105"]
[EventDate "2012.03.25"]
[EventType "swiss"]
[EventRounds "9"]
[EventCountry "ESP"]
[Source "lmi"]
[SourceDate "2012.03.25"]

1. d4 d5 2. e3 e6 3. Bd3 Nf6 4. Nd2 Nbd7 5. f4 c5 6. b3 cxd4 7. exd4 Qc7 8. g3
Qc3 9. Rb1 Qxd4 10. Ndf3 Qb6 11. Ne2 Nc5 12. Be3 Nxd3+ 13. Qxd3 Bc5 14. Ned4
Ne4 15. O-O O-O 16. c3 Bd7 17. a4 Bxd4 18. Bxd4 Qa5 19. Nd2 Nc5 20. Qe3 Na6 21.
Nf3 Nb8 22. Ne5 a6 23. Bb6 d4 24. Qxd4 Qd5 25. Rfd1 Qxd4+ 26. Rxd4 Bc6 27. Rbd1
f6 28. Nxc6 Nxc6 29. Rd7 Rf7 30. Rxf7 Kxf7 31. Rd7+ Kg6 32. Rxb7 Rb8 33. Rxb8
Nxb8 34. c4 e5 35. fxe5 fxe5 36. Bc7 Nc6 37. b4 Nxb4 38. Bxe5 Kf7 39. Kf1 Nd3
40. Bc3 g6 41. Ke2 Nc5 42. a5 Ke6 43. Ke3 Kd6 44. Bb4 Kc6 45. Bxc5 Kxc5 46. Kd3
Kc6 47. Kd4 Kd6 48. c5+ Kc6 49. Kc4 Kc7 50. Kd5 Kd7 51. c6+ Kc7 52. Kc5 h5 53.
h4 1-0

[Event "18 Torneo San Viator"]
[Site "Madrid ESP"]
[Date "2012.04.22"]
[Round "4.1"]
[White "Iturbide Arnedo, Oscar"]
[Black "Garcia-Ruiz Fuentes, Angel M"]
[Result "1-0"]
[WhiteElo "2131"]
[BlackElo "1873"]
[PlyCount "101"]
[EventDate "2012.03.25"]
[EventType "swiss"]
[EventRounds "9"]
[EventCountry "ESP"]
[Source "lmi"]
[SourceDate "2012.03.25"]

1. e4 Nf6 2. Nc3 e5 3. Bc4 Nc6 4. d3 Bb4 5. Bg5 h6 6. Bxf6 Qxf6 7. Nge2 Na5 8.
a3 Bc5 9. O-O Nxc4 10. dxc4 c6 11. b4 Be7 12. Qd3 d6 13. Rad1 h5 14. f4 h4 15.
f5 g6 16. Rf2 Bd7 17. c5 Rd8 18. cxd6 Bf8 19. Qc4 g5 20. Nc1 Bxd6 21. Rfd2 Be7
22. Nb3 Bc8 23. Rxd8+ Bxd8 24. a4 h3 25. g3 Bb6+ 26. Nc5 Bxc5+ 27. Qxc5 Qe7 28.
Qc4 O-O 29. a5 Rd8 30. Rd3 Rxd3 31. cxd3 g4 32. Ne2 Qg5 33. Qc1 Qxc1+ 34. Nxc1
b6 35. axb6 axb6 36. Kf2 Kf8 37. Ke3 Ke7 38. d4 f6 39. Nd3 Ba6 40. dxe5 Bxd3
41. exf6+ Kxf6 42. Kxd3 Ke5 43. Kc4 c5 44. bxc5 bxc5 45. Kxc5 Kxe4 46. f6 Kf3
47. f7 Kg2 48. f8=Q Kxh2 49. Qf4 Kg2 50. Qxg4 h2 51. Qh4 1-0

[Event "18 Torneo San Viator"]
[Site "Madrid ESP"]
[Date "2012.04.22"]
[Round "4.2"]
[White "Ibanez Moreno, Sergio"]
[Black "Aguado Solana, Juan"]
[Result "0-1"]
[WhiteElo "1795"]
[BlackElo "2060"]
[PlyCount "68"]
[EventDate "2012.03.25"]
[EventType "swiss"]
[EventRounds "9"]
[EventCountry "ESP"]
[Source "lmi"]
[SourceDate "2012.03.25"]

1. e4 c5 2. Nf3 d6 3. c4 Nc6 4. d4 Bg4 5. dxc5 dxc5 6. Be2 Qc7 7. Nc3 Rd8 8.
Nd5 Qc8 9. Bf4 Rd7 10. Ne5 Bxe2 11. Qxe2 Nxe5 12. Bxe5 e6 13. Nc3 Ne7 14. Rd1
Nc6 15. Bf4 Nd4 16. Qd3 Be7 17. O-O O-O 18. Rfe1 Rfd8 19. Kh1 a6 20. Qg3 Ne2
21. Qf3 Nxc3 22. Rxd7 Qxd7 23. Qxc3 Qa4 24. a3 Rd1 25. Bd2 h6 26. g3 Bf6 27. e5
Bxe5 28. Qxe5 Rxd2 29. Qb8+ Kh7 30. Qxb7 Rxf2 31. Qe4+ f5 32. Qxe6 Qc2 33. Qd5
Rxh2+ 34. Kg1 Qf2# 0-1

[Event "18 Torneo San Viator"]
[Site "Madrid ESP"]
[Date "2012.04.22"]
[Round "4.3"]
[White "De La Horra Del Barco, Ricardo"]
[Black "Sanchez Lopez, Maria"]
[Result "1-0"]
[WhiteElo "2055"]
[BlackElo "1799"]
[PlyCount "82"]
[EventDate "2012.03.25"]
[EventType "swiss"]
[EventRounds "9"]
[EventCountry "ESP"]
[Source "lmi"]
[SourceDate "2012.03.25"]

1. Nf3 Nf6 2. g3 g6 3. Bg2 Bg7 4. O-O d6 5. d4 O-O 6. c4 c5 7. d5 Na6 8. Nc3
Nc7 9. h3 a6 10. a4 Rb8 11. Kh2 b5 12. Nd2 Nd7 13. axb5 axb5 14. cxb5 Nxb5 15.
Nxb5 Rxb5 16. Nc4 Nb6 17. Na5 Bd7 18. Nc6 Bxc6 19. dxc6 Qc7 20. Qd3 c4 21. Qa3
d5 22. Qa7 Qxc6 23. Qxe7 Re8 24. Qh4 Bxb2 25. Bxb2 Rxb2 26. e3 Rd2 27. Kg1 Rc8
28. Rfc1 Qb5 29. Qf4 Na4 30. h4 Ra8 31. e4 Rb2 32. exd5 Rb4 33. Bf1 Rc8 34. d6
Qc6 35. Rc2 Rd8 36. Rd1 Nb6 37. h5 Qa4 38. Rdc1 Qc6 39. Rd1 Nd5 40. Qd4 Rxd6
41. Bg2 c3 1-0

[Event "18 Torneo San Viator"]
[Site "Madrid ESP"]
[Date "2012.04.22"]
[Round "4.4"]
[White "Castro Uceda, Jose Antonio"]
[Black "Sanchez Obregon, Diego"]
[Result "0-1"]
[WhiteElo "1658"]
[BlackElo "2042"]
[PlyCount "90"]
[EventDate "2012.03.25"]
[EventType "swiss"]
[EventRounds "9"]
[EventCountry "ESP"]
[Source "lmi"]
[SourceDate "2012.03.25"]

1. d4 d5 2. c4 c6 3. e3 g6 4. Nc3 dxc4 5. Bxc4 Bg7 6. Nf3 Nf6 7. O-O O-O 8. Re1
b5 9. Be2 Nbd7 10. a3 Qc7 11. e4 e5 12. h3 a6 13. Be3 exd4 14. Bxd4 c5 15. Bxf6
Nxf6 16. Rc1 Bb7 17. Bf1 Rfe8 18. Qc2 Rad8 19. b3 Bh6 20. Ra1 Bg7 21. Rac1 Qa5
22. a4 b4 23. Nd5 Nxd5 24. exd5 Rxe1 25. Rxe1 Bxd5 26. Ne5 Qc7 27. Nc4 Bc3 28.
Re3 Bd4 29. Re1 Qf4 30. Ne3 Bb7 31. Bc4 Qg5 32. Bf1 Bc3 33. Rd1 Bd4 34. Re1 Re8
35. Qd3 Bc8 36. g3 h5 37. h4 Qd8 38. Qd2 Be6 39. Qc2 Bc8 40. Bd3 Qc7 41. Bxg6
Bxe3 42. Rxe3 Rxe3 43. fxe3 Qxg3+ 44. Kf1 Qxg6 45. Qxc5 Qf5+ 0-1

[Event "18 Torneo San Viator"]
[Site "Madrid ESP"]
[Date "2012.04.22"]
[Round "4.5"]
[White "Gomez Dorado, Ernesto"]
[Black "Fernandez Garcia, Javier"]
[Result "1-0"]
[WhiteElo "1648"]
[BlackElo "2006"]
[PlyCount "87"]
[EventDate "2012.03.25"]
[EventType "swiss"]
[EventRounds "9"]
[EventCountry "ESP"]
[Source "lmi"]
[SourceDate "2012.03.25"]

1. e4 e6 2. d4 d5 3. Nd2 Nf6 4. e5 Nfd7 5. Bd3 c5 6. c3 Nc6 7. Ne2 f6 8. Nf4
Qe7 9. Nf3 cxd4 10. cxd4 fxe5 11. dxe5 Nc5 12. Bb1 Qc7 13. O-O Be7 14. Re1 Bd7
15. a3 a5 16. Ng5 g6 17. Nxg6 Rg8 18. Nxe7 Nxe7 19. Bxh7 Rg7 20. Qh5+ Kd8 21.
Nf7+ Kc8 22. Nd6+ Kb8 23. Qh6 Rg4 24. Bg5 Nc8 25. h3 Rxg5 26. Qxg5 Nxd6 27.
exd6 Qxd6 28. Qd8+ Ka7 29. Qxa5+ Na6 30. Qc3 d4 31. Qg3 Qe7 32. Bf5 Qf7 33. Bg4
Rg8 34. Qe5 d3 35. Qd4+ Ka8 36. Qxd3 Nc5 37. Qe3 Rf8 38. Qxc5 Bc6 39. b4 Qf4
40. b5 Bd5 41. b6 Bc6 42. Qa5+ Kb8 43. Qe5+ Ka8 44. Qxf4 1-0

[Event "18 Torneo San Viator"]
[Site "Madrid ESP"]
[Date "2012.04.22"]
[Round "4.6"]
[White "Vallejo Nuno, Jorge"]
[Black "Moreno Zamora, Gregorio"]
[Result "1-0"]
[WhiteElo "2068"]
[BlackElo "1760"]
[PlyCount "103"]
[EventDate "2012.03.25"]
[EventType "swiss"]
[EventRounds "9"]
[EventCountry "ESP"]
[Source "lmi"]
[SourceDate "2012.03.25"]

1. e4 c6 2. d4 d5 3. exd5 cxd5 4. c4 Nf6 5. Nc3 Nc6 6. Nf3 Bg4 7. Be3 e6 8. h3
Bxf3 9. Qxf3 Bb4 10. Bd3 Qa5 11. O-O Bxc3 12. bxc3 Qxc3 13. Rfd1 O-O 14. Bg5
Qxd4 15. Bxh7+ Nxh7 16. Rxd4 Nxd4 17. Qg4 Nxg5 18. Qxd4 dxc4 19. Qxc4 Nh7 20.
Rb1 b6 21. Rb3 Nf6 22. Rg3 Rfd8 23. Qh4 Kf8 24. Qg5 Ke7 25. Rf3 Kf8 26. g4 Rac8
27. Qf4 Rd7 28. Kg2 Rc5 29. h4 Nd5 30. Qb8+ Ke7 31. Qg8 Kd6 32. Qxg7 Rcc7 33.
h5 f6 34. Qf8+ Kc6 35. Rxf6 Nxf6 36. Qxf6 Kd6 37. h6 Rf7 38. Qd4+ Ke7 39. g5
Rc8 40. Qh4 Kf8 41. g6 Rf5 42. h7 Kg7 43. Qe7+ Kh8 44. g7+ Kxh7 45. g8=Q+ Kxg8
46. Qxe6+ Kg7 47. Qxf5 Rf8 48. Qe5+ Kg6 49. f4 Rf6 50. Kf3 a5 51. Kg4 Kf7 52.
f5 1-0

[Event "18 Torneo San Viator"]
[Site "Madrid ESP"]
[Date "2012.04.22"]
[Round "4.7"]
[White "Padin Lazaro, Jose Manuel"]
[Black "Julian Serra, Rogelio"]
[Result "0-1"]
[WhiteElo "1799"]
[BlackElo "2042"]
[PlyCount "54"]
[EventDate "2012.03.25"]
[EventType "swiss"]
[EventRounds "9"]
[EventCountry "ESP"]
[Source "lmi"]
[SourceDate "2012.03.25"]

1. e4 d5 2. exd5 Nf6 3. Bb5+ Nbd7 4. Nf3 a6 5. Be2 Nxd5 6. d4 e6 7. O-O c5 8.
c4 N5f6 9. Nc3 cxd4 10. Nxd4 Qc7 11. Be3 Bd6 12. g3 Qb8 13. a3 h5 14. f4 g6 15.
Nf3 O-O 16. b4 b6 17. Qd3 a5 18. Nb5 Be7 19. Nfd4 Bb7 20. Qb3 Ng4 21. Bd2 Be4
22. c5 Bd5 23. Bc4 bxc5 24. Bxd5 exd5 25. Nc6 Qxb5 26. Nxe7+ Kh7 27. Qxd5 Qe2
0-1

[Event "18 Torneo San Viator"]
[Site "Madrid ESP"]
[Date "2012.04.22"]
[Round "4.8"]
[White "Sierra Soria, Maria"]
[Black "Rodriguez Diaz, Alberto Jose"]
[Result "0-1"]
[WhiteElo "1766"]
[BlackElo "1979"]
[PlyCount "140"]
[EventDate "2012.03.25"]
[EventType "swiss"]
[EventRounds "9"]
[EventCountry "ESP"]
[Source "lmi"]
[SourceDate "2012.03.25"]

1. e4 c5 2. Nf3 Nc6 3. d4 cxd4 4. Nxd4 d6 5. c4 g6 6. Nc3 Bg7 7. Be3 Nf6 8. Be2
O-O 9. O-O h6 10. f3 Kh7 11. Qd2 Nd7 12. Rad1 Nxd4 13. Bxd4 Bxd4+ 14. Qxd4 Qb6
15. Qxb6 Nxb6 16. Nd5 Nxd5 17. exd5 Bd7 18. Bd3 Kg7 19. f4 Rad8 20. f5 gxf5 21.
Bxf5 e6 22. dxe6 fxe6 23. Bg4 Rxf1+ 24. Kxf1 Bc8 25. Ke2 Kf6 26. Ke3 b6 27. Bf3
e5 28. Bd5 Ke7 29. Rd3 Bf5 30. Ra3 Rd7 31. Rc3 Kf6 32. Rc1 Bg6 33. Rf1+ Kg7 34.
Rf3 Rd8 35. Rg3 Kf6 36. Rh3 Kg7 37. Rf3 Rf8 38. Rxf8 Kxf8 39. Kf3 Ke7 40. Be4
Bf7 41. b3 Kf6 42. Kg4 Be6+ 43. Kf3 Kg5 44. h3 h5 45. a3 a5 46. Bd3 d5 47. Ke3
d4+ 48. Kf3 Bd7 49. Be4 Bc8 50. b4 axb4 51. axb4 Kf6 52. c5 bxc5 53. bxc5 h4
54. Ke2 Ba6+ 55. Kf3 Kg5 56. c6 Bc8 57. Bd5 Kf5 58. Be4+ Kf6 59. Bd3 Ke7 60.
Ke4 Kd6 61. Kf3 Kxc6 62. g3 hxg3 63. Be4+ Kd6 64. Kxg3 Ke7 65. h4 Kf6 66. Kf2
Bf5 67. Bf3 e4 68. Bh5 Ke5 69. Be8 Kf4 70. Ke2 d3+ 0-1

[Event "18 Torneo San Viator"]
[Site "Madrid ESP"]
[Date "2012.04.22"]
[Round "4.9"]
[White "Cazorla Munoz, Francisco"]
[Black "Cuadrado Lopez, Francisco Javie"]
[Result "0-1"]
[WhiteElo "1755"]
[BlackElo "1970"]
[PlyCount "116"]
[EventDate "2012.03.25"]
[EventType "swiss"]
[EventRounds "9"]
[EventCountry "ESP"]
[Source "lmi"]
[SourceDate "2012.03.25"]

1. d4 Nf6 2. c4 c5 3. d5 b5 4. b3 g6 5. Bb2 Bg7 6. Nf3 bxc4 7. bxc4 O-O 8. Qc2
d6 9. Nbd2 Nbd7 10. e3 Nb6 11. Bd3 Bd7 12. O-O Na4 13. Rab1 Nxb2 14. Rxb2 Ng4
15. Rb7 Bc8 16. Rbb1 e6 17. Rfe1 exd5 18. cxd5 a6 19. Nc4 Re8 20. Rb6 Bf8 21.
Reb1 Nf6 22. e4 Qc7 23. Rc6 Qd8 24. Nfd2 Bd7 25. Rcb6 Bb5 26. a4 Bxc4 27. Nxc4
Nd7 28. Rb7 Ne5 29. a5 Nxc4 30. Bxc4 Qxa5 31. Qe2 Qa4 32. f3 Bg7 33. R7b6 Bd4+
34. Kh1 Red8 35. Bxa6 Ra7 36. Bb5 Qa1 37. Bc4 Ra3 38. h4 Qc3 39. R6b3 Rxb3 40.
Rxb3 Qa1+ 41. Kh2 Be5+ 42. g3 Ra8 43. f4 Bd4 44. Qg2 Kg7 45. Kh3 Ra2 46. Qf1
Qxf1+ 47. Bxf1 h5 48. Rf3 Ra1 49. f5 Re1 50. fxg6 fxg6 51. Bd3 Rc1 52. Bb5 c4
53. Be8 c3 54. Rf7+ Kh6 55. Ba4 c2 56. Bxc2 Rxc2 57. e5 Bxe5 58. Rf3 Rd2 0-1

[Event "18 Torneo San Viator"]
[Site "Madrid ESP"]
[Date "2012.04.22"]
[Round "4.10"]
[White "Lobato Rivero, Carlos"]
[Black "Rodriguez Varela, Alvaro"]
[Result "1/2-1/2"]
[WhiteElo "1958"]
[BlackElo "1751"]
[PlyCount "68"]
[EventDate "2012.03.25"]
[EventType "swiss"]
[EventRounds "9"]
[EventCountry "ESP"]
[Source "lmi"]
[SourceDate "2012.03.25"]

1. e4 e5 2. Nf3 Nc6 3. Bc4 Nf6 4. O-O Nxe4 5. Nc3 Nxc3 6. dxc3 Be7 7. Qd5 O-O
8. Nxe5 Nxe5 9. Qxe5 d6 10. Qg3 Bh4 11. Qf4 Qf6 12. g3 Qxf4 13. Bxf4 Bf6 14.
Rfe1 Bf5 15. Re2 Rfe8 16. Rae1 Rxe2 17. Rxe2 Kf8 18. Bb5 a6 19. Bd3 Bxd3 20.
cxd3 Re8 21. Rxe8+ Kxe8 22. Kg2 Ke7 23. Kf3 c6 24. d4 d5 25. Ke3 Ke6 26. Bb8 g6
27. f4 Bg7 28. Be5 f6 29. Bb8 f5 30. Be5 Bf8 31. Kd3 Bd6 32. b3 b5 33. c4 Bb4
34. cxb5 cxb5 1/2-1/2

[Event "18 Torneo San Viator"]
[Site "Madrid ESP"]
[Date "2012.04.22"]
[Round "4.11"]
[White "Tolosana Esteban, Enrique"]
[Black "Gutierrez Sanchez, Fernando"]
[Result "1-0"]
[WhiteElo "1743"]
[BlackElo "1929"]
[PlyCount "87"]
[EventDate "2012.03.25"]
[EventType "swiss"]
[EventRounds "9"]
[EventCountry "ESP"]
[Source "lmi"]
[SourceDate "2012.03.25"]

1. e4 e5 2. Nf3 Nf6 3. Bc4 Nxe4 4. Nc3 Nxc3 5. dxc3 f6 6. Nh4 g6 7. f4 Qe7 8.
f5 Qg7 9. fxg6 hxg6 10. Qg4 g5 11. Nf5 Qg6 12. Qe4 Qh7 13. Rf1 c6 14. Bd3 Qxh2
15. Be3 d5 16. Qg4 Nd7 17. O-O-O Qh5 18. Qxh5+ Rxh5 19. Nd6+ Kd8 20. Nxc8 Kxc8
21. Rh1 Rxh1 22. Rxh1 e4 23. Be2 Kc7 24. Rh7 Kd6 25. Bg4 Be7 26. Rh3 Ne5 27.
Bf5 Nf7 28. Rh7 Nd8 29. Rh8 b6 30. Bf2 c5 31. Bg3+ Kc6 32. c4 Bd6 33. cxd5+
Kxd5 34. c4+ Kc6 35. Bxe4+ Kd7 36. Bxd6 Rc8 37. Bf5+ Kxd6 38. Bxc8 Nf7 39. Rh7
Ne5 40. b3 a5 41. Bf5 Nc6 42. Rb7 Nd4 43. Rxb6+ Ke7 44. g4 1-0

[Event "18 Torneo San Viator"]
[Site "Madrid ESP"]
[Date "2012.04.22"]
[Round "4.12"]
[White "Munoz Manzano, Jose Manuel"]
[Black "Algaba Traspuesto, Jose Antonio"]
[Result "1-0"]
[WhiteElo "1911"]
[BlackElo "1674"]
[PlyCount "41"]
[EventDate "2012.03.25"]
[EventType "swiss"]
[EventRounds "9"]
[EventCountry "ESP"]
[Source "lmi"]
[SourceDate "2012.03.25"]

1. d4 e6 2. c4 f5 3. Nf3 Nf6 4. g3 Be7 5. Bg2 O-O 6. O-O d6 7. Nc3 Qe8 8. Re1
Nc6 9. d5 Nd8 10. dxe6 Nxe6 11. Nd4 Nxd4 12. Qxd4 c6 13. e4 fxe4 14. Nxe4 Nxe4
15. Qxe4 Rf7 16. Bg5 Bf5 17. Qh4 Kf8 18. Bh3 Bxh3 19. Qxh7 Rf5 20. Bxe7+ Kf7
21. Qxh3 1-0

[Event "18 Torneo San Viator"]
[Site "Madrid ESP"]
[Date "2012.04.22"]
[Round "4.13"]
[White "Sierra Bermejo, Gregorio"]
[Black "Garcia Sanjuan, Jose"]
[Result "0-1"]
[WhiteElo "1677"]
[BlackElo "1894"]
[PlyCount "68"]
[EventDate "2012.03.25"]
[EventType "swiss"]
[EventRounds "9"]
[EventCountry "ESP"]
[Source "lmi"]
[SourceDate "2012.03.25"]

1. e4 b6 2. d4 Bb7 3. Nc3 e6 4. a3 Nf6 5. f3 Be7 6. Be3 O-O 7. Bd3 d5 8. e5
Nfd7 9. f4 f5 10. Nf3 c5 11. h4 Nc6 12. dxc5 bxc5 13. Bf2 d4 14. Nb1 Nb6 15.
Nbd2 Nd5 16. g3 Qe8 17. Ng5 Bxg5 18. hxg5 g6 19. Nc4 Qd7 20. Nd6 a6 21. Qe2 Nd8
22. Nxb7 Qxb7 23. O-O-O Rb8 24. Qf1 Qxb2+ 25. Kd2 Rf7 26. Rb1 Qc3+ 27. Ke2 Rxb1
28. Qxb1 Qxa3 29. Qb8 Qa5 30. Rb1 Nc3+ 31. Kf3 Nxb1 32. Qxb1 Rb7 33. Qf1 Qc7
34. Bxa6 Qc6+ 0-1